000
00323 a2200109 4500
001
ART_38587
005
20260410162011.0
008
260409a
245
1
0
_a
La responsabilidad social empresaria en Argentina
100
1
_a
Palacios, Clide Lidia
773
0
_t
Anuario
_g
- NÂș 6 (ene./dic. 2009)
_w
REV38525
999
_c
32216
_d
32216